00956nam a2200253 a 45000010005000000030008000050050017000130080041000300350019000710400035000900410008001250820034001331100042001672450094002092460078003032600069003813000035004504900031004855000020005165000073005366500032006096500030006418300031006713308BD-RjUL20211208233717.0171109s1957 p 000 0 eng d a(BD-RjUL) 3342 aBD-RjULcBD-RjULdBD-RjULbeng aeng 223 a304.609549021 bPAC 1957 aPakistan. bMinistry of the Interior. aCensus of Pakistan, 1951:bDemographic miscellany /cPakistan. Ministry of the Interior.  aCensus of Pakistan, 1951. Census bulletin. No. 6, Demographic miscellany. aKarachi : bMinistry of the Interior, Govt. of Pakistan, c1957. ai, 74 pages : bill. ; c24 cm aCensus bulletin ;vNo. 6,  a"Cover title."  aOn lower cover: "Published by the Manager of Publications, Karachi." aPakistan xPopulation.  aPakistan xCensus, 1951.  aCensus bulletin ;vNo. 6,